00808nam a22002417a 45000010005000000030006000050050017000110080041000280200018000690400029000870500015001160820012001311000026001432450035001692500039002042600037002433000048002805050007003285200149003355210022004845210018005066500042005244271FISKH20240711100922.0240711b cb ||||| |||| 00| 0 eng d a9780439425032 aFISKHbengcFISKHdFISKH aQL638.G93  a597.3  aGuiberson, Brenda Z.  aSharks /cBrenda Z. Guiberson  aFirst Trade printing, August 2003  aNew York : bScholastic, c2002  a32 pages : bcolor illustrations ; c23 cm  aM  aPhotographs and easy text introduce sharks, their habitats, and behaviors, as well as detailing a few of the more than 350 varieties of sharks. 8 a530 bLexile NC 8 aM bRaz-Plus  aOcean Animals vScience xMarine Life